| 000 | 01104 a2200229 4500 | ||
|---|---|---|---|
| 001 | 24079 | ||
| 005 | 20260407155526.0 | ||
| 008 | 260407a1994 arg spa d | ||
| 003 | AR-UNSa-BCEJYS | ||
| 040 |
_aAR-UNSa-BCEJYS _bspa _cAR-UNSa-BCEJYS |
||
| 080 |
_a658.15 _xAdministración financiera privada. Gestión financiera de empresas |
||
| 245 | 1 | 0 | _aFundamentos de administración financiera |
| 250 | _a10a. ed | ||
| 264 | 1 |
_aMéxico : _bMcGraw-Hill _c1994 |
|
| 300 |
_axxv, 1148 p. _c25 cm. |
||
| 505 | _a1. Introducción a la administración finaciera - 2. Conceptos fundamentales de la administración financiera - 3. El pronostico fiananciero, la planeación y el control - 4. Administración del capital de trabajo - 5. Decisiones estratégicas de inversión a largo plazo: el presupuesto de capital - 6. Costo de de capital, apalancamiento y política de dividendos - 7. Decisiones estratégica de financiamiento a largo plazo | ||
| 942 | _cBK | ||
| 590 | _aniveau_biblio:m niveau_hierar:0 | ||
| 100 | 1 | _aWeston, J. Ferd | |
| 700 | 1 | _aBrigham, Eugene F. | |
| 700 | 1 | _aGómez Mont, Jaime | |
| 999 |
_c1158 _d1158 |
||